La política del mercado total, su teologización y nuestra respuesta
Сохранить в:
| Главный автор: | |
|---|---|
| Соавтор: | |
| Формат: | |
| Язык: | Spanish |
| Опубликовано: |
San José, Costa Rica
DEI
1985
|
| Предметы: | |
| Метки: |
Добавить метку
Нет меток, Требуется 1-ая метка записи!
|
MARC
| LEADER | 00000nam a22000007a 4500 | ||
|---|---|---|---|
| 003 | cru CIDCACS/IIS | ||
| 005 | 20240719062559.0 | ||
| 008 | 180907b ||||| |||| 00| 0 spa d | ||
| 999 | |c 41659 |d 41659 | ||
| 040 | |c cru CIDCACS/IIS | ||
| 090 | 4 | |a REV0750 (1) 1985 | |
| 100 | 1 | |a Hinkelammert, Franz J. |9 4235 | |
| 110 | 1 | |9 7636 |a Departamento Ecuménico de Investigaciones (DEI) | |
| 245 | 1 | 3 | |a La política del mercado total, su teologización y nuestra respuesta |c Franz J. Hinkelammert |
| 260 | |a San José, Costa Rica |b DEI |c 1985 | ||
| 300 | |a 2-7 páginas | ||
| 650 | 1 | 0 | |a TEOLOGIA |9 4606 |
| 650 | 1 | 0 | |a TEORIA KEYNESIANA |9 1648 |
| 650 | 1 | 4 | |9 3250 |a MERCADO |
| 773 | 0 | |0 41641 |9 2226 |a Departamento Ecuménico de Investigaciones (DEI) |d San José, Costa Rica Departamento Ecuménico de Investigaciones (DEI) |o 20018 |t Pasos / | |
| 942 | |2 ddc |c PP | ||
